Zločin a trest

Bibliographic Details
Main Author: Dostojevskij, Fiodor Michajlovič, 1821-1881 (Author)
Other Authors: Hegerová, Viera, 1933-2026 (Translator)
Format: Book
Language:Slovak
Russian
PhysicalDescription:471 s. 21 cm
Published: Bratislava Ikar 2011
ISBN:9788055123233
Edition:2. vyd.
Subjects:

MARC

LEADER 00000cam a2200000 a 4500
001 vtls010304488
003 SK-MaSNL
005 20260410043915.0
008 240318s2011 xo g 000 f slo
015 |a SNBA2012/02-00640 
020 |a 9788055123233  |q (viaz.) 
035 |a B36CD9DB-E934-437F-B6D1-78B4D19E99F3 
035 |a urn:nbn:sk:snk-amjiiu 
035 |a urn:nbn:sk:snk-am002gqx 
040 |a SNK  |b slo  |c SNK  |e AACR2 
041 1 |a slo  |h rus 
044 |a xo  |c SK 
072 7 |a 821.161.1  |x Ruská literatúra  |2 konspekt 
080 |a 821.161.1-31  |2 2001 
100 1 |a Dostojevskij, Fiodor Michajlovič,  |d 1821-1881  |4 aut  |9 53880 
240 1 0 |a Prestuplenije i nakazanije  |l Slovensky 
245 1 0 |a Zločin a trest  |c F. M. Dostojevskij ; [z ruského originálu preložila Viera Hegerová] 
250 |a 2. vyd. 
260 |a Bratislava  |b Ikar  |c 2011 
300 |a 471 s.  |c 21 cm 
655 7 |a ruské romány  |2 SNKPH  |9 70514 
655 7 |a Russian fiction  |2 SNKPHeng  |9 277049 
700 1 |a Hegerová, Viera,  |d 1933-2026  |4 trl  |9 40047 
919 |a 978-80-551-2323-3 
958 |a LX 
958 |a UP 
968 |b RUS  |d 821 
999 |c 577650  |d 579580 
952 |a SNK  |b SNK  |y PREZ  |7 0  |p 17A0716951  |o snkSC 146543  |i snk2011/18056  |8 0  |0 0  |1 0  |4 0  |d 2011-08-30  |l 0  |r 2025-07-15 00:00:00  |w 2026-02-23 
952 |a SNK  |b SNK  |y VYP  |7 0  |p 17A0951466  |o snkSC 146543 D1  |i snk2011/18057  |8 0  |0 0  |1 0  |4 0  |d 2011-08-30  |l 0  |r 2026-02-23 14:38:50  |w 2026-02-23